| 000 | 00893cam a22002771 4500 | ||
|---|---|---|---|
| 999 |
_c22850 _d22850 |
||
| 001 | 8001801 | ||
| 003 | BDDh-ASL | ||
| 005 | 20231015030151.0 | ||
| 008 | 720823s1966 ii b 000 0 eng | ||
| 010 | _asa 66007061 | ||
| 025 | _aPL480:I-E-6448 | ||
| 035 | _a(OCoLC)387597 | ||
| 040 |
_aDLC _cOClU _dOCoLC _dDLC _dBDDh-ASL |
||
| 042 | _apremarc | ||
| 050 | 0 | 0 |
_aDS480.45 _b.B318 |
| 082 |
_a327.54047 _bBAI |
||
| 100 | 1 | _aBandyopadhyaya, Jayantanuja. | |
| 245 | 1 | 0 |
_aIndian nationalism versus international communism : _brole of ideology in international politics / _c[by] Jayantanuja Bandyopodhyaya. |
| 260 |
_aCalcutta : _bFirma K.L. Mukhopadhyay, _c1966. |
||
| 300 |
_aix, 368 p. : _c23 cm. |
||
| 504 | _aBibliography: p. 352-361. | ||
| 650 | 0 |
_aNationalism _zIndia. |
|
| 650 | 0 |
_aCommunism _xHistory. |
|
| 906 |
_a7 _bcbc _coclcrpl _du _encip _f19 _gy-gencatlg |
||
| 942 |
_2ddc _cBK |
||